| 000 | 00786nam a2200265 a 4500 | ||
|---|---|---|---|
| 001 | 000110290 | ||
| 003 | CHAP | ||
| 005 | 20220329144126.0 | ||
| 008 | 140811s1987 mx a |r| |||||||spa|d | ||
| 010 | _a106752 | ||
| 011 | _a107724 | ||
| 020 | _a9688220728 | ||
| 040 | _cCHAP | ||
| 082 | 0 | 4 |
_a972.33 _bG64 |
| 100 | 1 |
_aGonzález Martínez, Juan Manuel _9127758 |
|
| 245 | 1 | 4 |
_aLos huicholes : _bganaderos prósperos de Jalisco / _cpor Juan Manuel González Martínez. |
| 260 | 3 |
_aMéxico, D.F. : _bInstituto Nacional Indigenista, _c1987. |
|
| 300 |
_a50 p. : _bil. |
||
| 590 |
_aE792CSJ _b05 _c20140811 _lUCH01 _h1436 |
||
| 650 | 1 | 4 |
_aHuicholes _xCondiciones económicas. _9127756 |
| 650 | 1 | 4 |
_aHuicholes _xDesarrollo rural. _9127757 |
| 901 | _aBK | ||
| 942 | _cLIBRO | ||
| 942 | _n0 | ||
| 999 |
_c106752 _d106752 |
||